Gemeinden von Dithmarschen auf einer Karte - Statistiken

Allgemein
  • Dieses Quiz wurde 191 mal gespielt
  • Das Durchschnittsergebnis liegt bei 46 aus 116
Antworten auf der Karte
Die Antworten werden auf der Karte rot bzw. grün angezeigt, abhängig davon wie oft sie richtig erraten wurden.
 
Antwortstatistiken
Amt Einwohner Gemeinde % Korrekt
amtsfrei 21.852 Heide
100%
Mitteldithmarschen 7.247 Meldorf
94%
Büsum-Wesselburen 4.907 Büsum
90%
amtsfrei 12.380 Brunsbüttel
84%
Burg-Sankt Michaelisdonn 4.159 Burg
81%
Büsum-Wesselburen 3.415 Wesselburen
77%
Marne-Nordsee 5.951 Marne
74%
Marne-Nordsee 2.539 Friedrichskoog
65%
Heider Umland 2.878 Hemmingstedt
65%
Mitteldithmarschen 3.708 Albersdorf
61%
Eider 493 Hemme
61%
Burg-Sankt Michaelisdonn 3.399 Sankt Michaelisdonn
61%
Eider 1.701 Lunden
58%
Heider Umland 2.095 Lohe-Rickelshof
55%
Heider Umland 2.827 Nordhastedt
55%
Mitteldithmarschen 1.248 Schafstedt
55%
Burg-Sankt Michaelisdonn 755 Süderhastedt
55%
Eider 2.678 Tellingstedt
55%
Eider 1.975 Hennstedt
52%
Eider 866 Linden
52%
Mitteldithmarschen 604 Nordermeldorf
52%
Eider 1.138 Pahlen
52%
Heider Umland 1.433 Wesseln
52%
Heider Umland 1.260 Wöhrden
52%
Burg-Sankt Michaelisdonn 554 Averlak
48%
Mitteldithmarschen 752 Barlt
48%
Mitteldithmarschen 1.153 Nindorf
48%
Heider Umland 915 Ostrohe
48%
Eider 515 Rehm-Flehde-Bargen
48%
Burg-Sankt Michaelisdonn 998 Buchholz
45%
Mitteldithmarschen 310 Busenwurth
45%
Burg-Sankt Michaelisdonn 1.330 Eddelak
45%
Burg-Sankt Michaelisdonn 756 Eggstedt
45%
Büsum-Wesselburen 214 Hedwigenkoog
45%
Burg-Sankt Michaelisdonn 1.059 Hochdonn
45%
Marne-Nordsee 348 Kaiser-Wilhelm-Koog
45%
Marne-Nordsee 594 Neufeld
45%
Büsum-Wesselburen 472 Süderdeich
45%
Eider 537 Süderheistedt
45%
Heider Umland 2.303 Weddingstedt
45%
Mitteldithmarschen 962 Bargenstedt
42%
Burg-Sankt Michaelisdonn 212 Brickeln
42%
Büsum-Wesselburen 358 Büsumer Deichhausen
42%
Marne-Nordsee 683 Diekhusen-Fahrstedt
42%
Burg-Sankt Michaelisdonn 627 Dingen
42%
Eider 325 Sankt Annen
42%
Büsum-Wesselburen 396 Schülp
42%
Büsum-Wesselburen 874 Westerdeichstrich
42%
Mitteldithmarschen 844 Elpersbüttel
39%
Marne-Nordsee 828 Helse
39%
Eider 1.108 Lehe
39%
Heider Umland 372 Lieth
39%
Marne-Nordsee 119 Neufelderkoog
39%
Mitteldithmarschen 696 Sarzbüttel
39%
Mitteldithmarschen 670 Tensbüttel-Röst
39%
Burg-Sankt Michaelisdonn 454 Großenrade
35%
Mitteldithmarschen 390 Gudendorf
35%
Büsum-Wesselburen 167 Hellschen-Heringsand-Unterschaar
35%
Eider 143 Karolinenkoog
35%
Eider 390 Kleve
35%
Burg-Sankt Michaelisdonn 601 Kuden
35%
Marne-Nordsee 396 Marnerdeich
35%
Büsum-Wesselburen 395 Norddeich
35%
Burg-Sankt Michaelisdonn 189 Quickborn
35%
Büsum-Wesselburen 384 Reinsbüttel
35%
Büsum-Wesselburen 178 Wesselburenerkoog
35%
Eider 706 Wrohm
35%
Mitteldithmarschen 223 Arkebek
32%
Eider 736 Dellstedt
32%
Eider 735 Delve
32%
Mitteldithmarschen 471 Krumstedt
32%
Eider 145 Norderheistedt
32%
Heider Umland 257 Norderwöhrden
32%
Büsum-Wesselburen 275 Oesterdeichstrich
32%
Heider Umland 413 Stelle-Wittenwurth
32%
Eider 161 Tielenhemme
32%
Büsum-Wesselburen 235 Warwerort
32%
Mitteldithmarschen 766 Epenwöhrden
29%
Burg-Sankt Michaelisdonn 350 Frestedt
29%
Eider 173 Gaushorn
29%
Eider 84 Groven
29%
Büsum-Wesselburen 58 Hillgroven
29%
Eider 606 Krempel
29%
Marne-Nordsee 803 Kronprinzenkoog
29%
Heider Umland 949 Neuenkirchen
29%
Mitteldithmarschen 323 Odderade
29%
Eider 585 Schalkholz
29%
Mitteldithmarschen 792 Windbergen
29%
Mitteldithmarschen 317 Wolmersdorf
29%
Eider 163 Barkenholm
26%
Eider 303 Hollingstedt
26%
Büsum-Wesselburen 85 Strübbel
26%
Eider 345 Süderdorf
26%
Büsum-Wesselburen 104 Wesselburener Deichhausen
26%
Mitteldithmarschen 777 Bunsoh
23%
Eider 280 Fedderingen
23%
Eider 111 Glüsing
23%
Mitteldithmarschen 97 Immenstedt
23%
Marne-Nordsee 253 Trennewurth
23%
Eider 32 Wallen
23%
Eider 428 Welmbüttel
23%
Eider 618 Dörpling
19%
Büsum-Wesselburen 53 Friedrichsgabekoog
19%
Büsum-Wesselburen 248 Oesterwurth
19%
Mitteldithmarschen 413 Osterrade
19%
Marne-Nordsee 148 Ramhusen
19%
Eider 236 Schlichting
19%
Marne-Nordsee 178 Schmedeswurth
19%
Mitteldithmarschen 72 Schrum
19%
Marne-Nordsee 330 Volsemenhusen
19%
Eider 36 Bergewöhrden
16%
Eider 60 Hövede
16%
Mitteldithmarschen 251 Offenbüttel
16%
Eider 95 Westerborstel
16%
Eider 151 Wiemerstedt
16%
Mitteldithmarschen 84 Wennbüttel
13%
Keine übereinstimmenden Quizze gefunden
Verteilung der Resultate
Anzahl Personen mit jedem Resultat
Perzentil nach korrekt beantworteten Fragen
Ihre Resultats-Entwicklung
Sie haben dieses Quiz noch nicht gespielt